[Event "Samara op"]
[Site "Samara"]
[Date "2010.07.26"]
[Round "4"]
[White "Sorochan, Dmitry Vladimirovic"]
[Black "Voznesensky, Vladimir"]
[Result "0-1"]
[WhiteElo "2077"]
[BlackElo "1857"]
[PlyCount "57"]
[EventDate "2010.07.23"]
[EventType "swiss"]
[EventRounds "9"]
[EventCountry "RUS"]
[SourceTitle "EXT 2011"]
[Source "ChessBase"]
[SourceDate "2010.11.26"]
[SourceVersion "1"]
[SourceVersionDate "2010.11.26"]
[SourceQuality "1"]

1. d4 Nf6 2. c4 c5 3. d5 e5 4. Nc3 d6 5. e4 g6 6. f4 Bg4 7. Qb3 Qb6 8. Be2 Bxe2 9. Ngxe2 Nbd7 10. 0-0 Nh5 11. fxe5 Nxe5 12. Qa4+ Ke7 13. Ng3 Nf6 14. Bf4 Nfd7 15. Nb5 Bg7 16. Rab1 a6 17. Na3 Qb4 18. Qc2 h6 19. Kh1 b5 20. cxb5 axb5 21. Qe2 c4 22. Nc2 Qa4 23. Nd4 b4 24. Qf2 f6 25. b3 Qxa2 26. Rb2 Qa6 27. bxc4 Nd3 28. Ngf5+ Kf7 29. Nxd6+ 0-1

[Event "Samara-ch"]
[Site "Samara"]
[Date "2009.04.30"]
[Round "9"]
[White "Lugovoy, Semen"]
[Black "Voznesensky, Vladimir"]
[Result "1/2-1/2"]
[WhiteElo "1854"]
[BlackElo "1857"]
[PlyCount "148"]
[EventDate "2009.04.07"]
[EventType "swiss"]
[EventRounds "9"]
[EventCountry "RUS"]
[SourceTitle "EXT 2012"]
[Source "ChessBase"]
[SourceDate "2011.11.24"]
[SourceVersion "1"]
[SourceVersionDate "2011.11.24"]
[SourceQuality "1"]

1. e4 e6 2. d4 d5 3. Nc3 Nf6 4. e5 Nfd7 5. Nf3 c5 6. Be3 cxd4 7. Bxd4 Nc6 8. Be2 Nxd4 9. Qxd4 Bc5 10. Qg4 Bf8 11. 0-0 a6 12. a4 g6 13. h4 h5 14. Qg3 Bg7 15. Bd3 Rh6 16. Rfe1 Nc5 17. Bf1 Qb6 18. b3 Qb4 19. Ng5 Qg4 20. Rad1 Qxg3 21. fxg3 b6 22. Rd2 Ra7 23. b4 Nd7 24. Nf3 Rc7 25. Nd1 Rh8 26. Nb2 Bb7 27. c4 Ke7 28. cxd5 exd5 29. Nd3 Rc4 30. Nf4 Rxb4 31. Bxa6 Rxf4 32. Bxb7 Rxa4 33. Bxd5 Nc5 34. Rb1 Rb8 35. Rdb2 Nd7 36. Bc6 Rc4 37. Bxd7 Kxd7 38. Rxb6 Rxb6 39. Rxb6 Rc5 40. Rb7+ Ke8 41. e6 Rf5 42. Kh2 Bc3 43. exf7+ Rxf7 44. Rxf7 Kxf7 45. Ng5+ Kg7 46. g4 Be5+ 47. Kh3 Kf6 48. Ne4+ Kg7 49. g5 Kf7 50. g4 hxg4+ 51. Kxg4 Ke6 52. Nf2 Kf7 53. Nd3 Bd6 54. Nf4 Be5 55. Ng2 Bd6 56. Kf3 Ke6 57. Ke4 Bg3 58. Kf3 Bd6 59. Kg4 Kf7 60. Nf4 Be5 61. Ne2 Bd6 62. h5 gxh5+ 63. Kxh5 Kg7 64. Nd4 Be5 65. Nf5+ Kg8 66. g6 Bc3 67. Kg4 Be5 68. Ne7+ Kg7 69. Kf5 Bc3 70. Nd5 Bd4 71. Nf4 Bc3 72. Ne6+ Kg8 73. Kg5 Bb2 74. Kh6 Bc1+ 1/2-1/2

[Event "Samara Elo 03"]
[Site "Samara"]
[Date "2009.03.??"]
[Round "4"]
[White "Burkov, Viktor"]
[Black "Voznesensky, Vladimir"]
[Result "1-0"]
[WhiteElo "2039"]
[BlackElo "1857"]
[PlyCount "87"]
[EventDate "2009.03.??"]
[EventType "tourn"]
[EventRounds "11"]
[EventCountry "RUS"]
[SourceTitle "EXT 2012"]
[Source "ChessBase"]
[SourceDate "2011.11.24"]
[SourceVersion "1"]
[SourceVersionDate "2011.11.24"]
[SourceQuality "1"]

1. e4 e6 2. d4 d5 3. e5 c5 4. c3 Bd7 5. Nf3 cxd4 6. cxd4 Qb6 7. Nc3 Bb4 8. a3 Bxc3+ 9. bxc3 Nc6 10. Bd3 Rc8 11. 0-0 Na5 12. Rb1 Qc7 13. Bd2 Rb8 14. Qe2 Nc4 15. Bxc4 Qxc4 16. Qxc4 dxc4 17. Rb4 b5 18. a4 a6 19. Ra1 Ne7 20. axb5 axb5 21. Ng5 f5 22. exf6 gxf6 23. Ne4 Nd5 24. Rbb1 0-0 25. Nc5 Rf7 26. Re1 b4 27. cxb4 c3 28. Bh6 Bc8 29. Nxe6 Bxe6 30. Rxe6 Rd7 31. Rc6 Rxb4 32. Be3 Kf7 33. g3 Rbb7 34. Kf1 Rbc7 35. Rxc7 Rxc7 36. Ke2 Rc6 37. h4 Ke6 38. Bc1 Nb4 39. Ra5 Rd6 40. Be3 Rc6 41. Rb5 Nd5 42. Rc5 Kd6 43. Rxc6+ Kxc6 44. Kd3 1-0

[Event "Samara Elo 03"]
[Site "Samara"]
[Date "2009.03.??"]
[Round "8"]
[White "Strokov, Anatoli"]
[Black "Voznesensky, Vladimir"]
[Result "1-0"]
[WhiteElo "2166"]
[BlackElo "1857"]
[PlyCount "23"]
[EventDate "2009.03.??"]
[EventType "tourn"]
[EventRounds "11"]
[EventCountry "RUS"]
[SourceTitle "EXT 2012"]
[Source "ChessBase"]
[SourceDate "2011.11.24"]
[SourceVersion "1"]
[SourceVersionDate "2011.11.24"]
[SourceQuality "1"]

1. d4 e6 2. e4 d5 3. Nd2 Nf6 4. e5 Nfd7 5. f4 c5 6. c3 cxd4 7. cxd4 Qb6 8. Ne2 a5 9. a3 Nc6 10. Nf3 Be7 11. Nc3 f6 12. Bd3 1-0

[Event "Samara Rating SCC"]
[Site "Samara"]
[Date "2008.09.??"]
[Round "8"]
[White "Burkov, Viktor"]
[Black "Voznesensky, Vladimir"]
[Result "1-0"]
[WhiteElo "2039"]
[BlackElo "1901"]
[PlyCount "92"]
[EventDate "2008.09.10"]
[EventType "tourn"]
[EventRounds "9"]
[EventCountry "RUS"]
[SourceTitle "EXT 2022"]
[Source "ChessBase"]
[SourceDate "2021.10.06"]
[SourceVersion "1"]
[SourceVersionDate "2021.10.06"]
[SourceQuality "1"]

1. e4 e6 2. d4 d5 3. e5 c5 4. c3 Qb6 5. Nf3 Bd7 6. a4 a5 7. Na3 Na6 8. Bd3 Ne7 9. 0-0 Nc6 10. Nb5 cxd4 11. cxd4 Ncb4 12. Be2 Nc7 13. Nc3 Be7 14. Bg5 f6 15. exf6 gxf6 16. Bf4 Bd6 17. Qd2 0-0-0 18. Rfc1 Kb8 19. b3 h5 20. Na2 Nca6 21. Bxa6 Nxa6 22. Bxd6+ Qxd6 23. Qxa5 Rc8 24. b4 Rxc1+ 25. Rxc1 Rc8 26. Rxc8+ Kxc8 27. b5 Nb8 28. Qb4 Kc7 29. Qc3+ Kb6 30. Nc1 Be8 31. Nd3 Bg6 32. Nc5 Nd7 33. a5+ Ka7 34. Nxd7 Qxd7 35. Qc5+ Kb8 36. b6 Be8 37. h3 Qd8 38. Kh2 Bc6 39. a6 Qe8 40. Qd6+ Ka8 41. Qc7 h4 42. g4 hxg3+ 43. fxg3 Qf8 44. h4 e5 45. dxe5 fxe5 46. axb7+ Bxb7 1-0

[Event "Samara Rating SCC"]
[Site "Samara"]
[Date "2008.09.??"]
[Round "7"]
[White "Voznesensky, Vladimir"]
[Black "Igonin, Michail"]
[Result "0-1"]
[WhiteElo "1901"]
[BlackElo "2186"]
[PlyCount "84"]
[EventDate "2008.09.10"]
[EventType "tourn"]
[EventRounds "9"]
[EventCountry "RUS"]
[SourceTitle "EXT 2022"]
[Source "ChessBase"]
[SourceDate "2021.10.06"]
[SourceVersion "1"]
[SourceVersionDate "2021.10.06"]
[SourceQuality "1"]

1. d4 Nf6 2. c4 c5 3. Nf3 cxd4 4. Nxd4 e5 5. Nb5 d5 6. cxd5 Bc5 7. N5c3 0-0 8. e3 e4 9. Be2 Qe7 10. 0-0 Rd8 11. Qc2 Bf5 12. Rd1 Qe5 13. Nd2 Ng4 14. Nf1 Nd7 15. Qb3 Bd6 16. g3 Qf6 17. Nxe4 Bxe4 18. Bxg4 Ne5 19. f3 Nxf3+ 20. Bxf3 Qxf3 21. Rd2 Qh1+ 22. Kf2 Bg2 23. Qb5 Bxf1 24. Qxf1 Qxh2+ 25. Qg2 Bxg3+ 26. Kf3 Qxg2+ 27. Kxg2 Be5 28. e4 Rac8 29. Re2 f5 30. Bg5 Rd6 31. exf5 Rxd5 32. Rae1 Bd6 33. Rf1 Rc4 34. Be7 Re5 35. Rfe1 Rxe7 36. Rxe7 Bxe7 37. Rxe7 Rc2+ 38. Kf3 Rxb2 39. Kf4 a5 40. Rc7 Rb6 41. Rc5 a4 42. Ke5 h5 0-1

[Event "Samara Rating SCC"]
[Site "Samara"]
[Date "2008.09.??"]
[Round "3"]
[White "Voznesensky, Vladimir"]
[Black "Konovalov, Viatcheslav"]
[Result "0-1"]
[WhiteElo "1901"]
[BlackElo "2068"]
[PlyCount "43"]
[EventDate "2008.09.10"]
[EventType "tourn"]
[EventRounds "9"]
[EventCountry "RUS"]
[SourceTitle "EXT 2022"]
[Source "ChessBase"]
[SourceDate "2021.10.06"]
[SourceVersion "1"]
[SourceVersionDate "2021.10.06"]
[SourceQuality "1"]

1. d4 d5 2. Nf3 Nf6 3. c4 e6 4. g3 Bb4+ 5. Bd2 a5 6. a3 Be7 7. Bg2 0-0 8. cxd5 exd5 9. Nc3 Ne4 10. Be3 c6 11. 0-0 Bf5 12. Nxe4 Bxe4 13. Ne5 Bxg2 14. Kxg2 f6 15. Nd3 Qb6 16. Rb1 Nd7 17. f4 Rfe8 18. Bg1 Bd6 19. e3 Ra6 20. f5 Qd8 21. b4 axb4 22. axb4 0-1

[Event "Zhigulevskie prostory op"]
[Site "Samara"]
[Date "2008.08.01"]
[Round "8"]
[White "Putenihin, Oleg"]
[Black "Voznesensky, Vladimir"]
[Result "1-0"]
[WhiteElo "2061"]
[BlackElo "1901"]
[PlyCount "61"]
[EventDate "2008.07.25"]
[EventType "swiss"]
[EventRounds "9"]
[EventCountry "RUS"]
[SourceTitle "EXT 2022"]
[Source "ChessBase"]
[SourceDate "2021.10.06"]
[SourceVersion "1"]
[SourceVersionDate "2021.10.06"]
[SourceQuality "1"]

1. c4 e5 2. Nc3 Nc6 3. g3 g6 4. Bg2 Bg7 5. d3 f5 6. h4 Nf6 7. Bg5 h6 8. Bd2 Nd4 9. e3 Ne6 10. Nge2 c6 11. e4 Nc5 12. Be3 d6 13. b4 Na6 14. a3 Ng4 15. Qd2 0-0 16. exf5 gxf5 17. b5 Nb8 18. Rc1 a6 19. bxc6 bxc6 20. Nd5 Nxe3 21. Qxe3 Be6 22. Nb6 Ra7 23. Nd4 Qe8 24. Nxe6 Qxe6 25. Nd5 Raf7 26. Nb4 f4 27. Qe4 fxg3 28. fxg3 Rf2 29. Rc2 R8f6 30. Kd1 Rxc2 31. Nxc2 1-0

[Event "Zhigulevskie prostory op"]
[Site "Samara"]
[Date "2008.07.26"]
[Round "2"]
[White "Veklich, Igor"]
[Black "Voznesensky, Vladimir"]
[Result "0-1"]
[WhiteElo "1809"]
[BlackElo "1901"]
[PlyCount "52"]
[EventDate "2008.07.25"]
[EventType "swiss"]
[EventRounds "9"]
[EventCountry "RUS"]
[SourceTitle "EXT 2022"]
[Source "ChessBase"]
[SourceDate "2021.10.06"]
[SourceVersion "1"]
[SourceVersionDate "2021.10.06"]
[SourceQuality "1"]

1. e4 e6 2. d4 d5 3. exd5 exd5 4. Nf3 Bd6 5. Nc3 c6 6. Be2 Ne7 7. 0-0 h6 8. Re1 Be6 9. Bd3 Qc7 10. h3 Nd7 11. a4 0-0-0 12. Bd2 g5 13. Rb1 Rdg8 14. Ne5 Nxe5 15. dxe5 Bxe5 16. Be2 Bf4 17. Bh5 Bxd2 18. Qxd2 g4 19. Bxg4 Bxg4 20. hxg4 Rxg4 21. Qe3 Rhg8 22. Qxe7 Rxg2+ 23. Kf1 Rxf2+ 24. Kxf2 Qf4+ 25. Ke2 Rg2+ 26. Kd1 Qd2# 0-1

[Event "Samara-ch Rating"]
[Site "Samara"]
[Date "2007.03.16"]
[Round "11"]
[White "Smetanov, Nikolay"]
[Black "Voznesensky, Vladimir"]
[Result "1-0"]
[WhiteElo "1965"]
[BlackElo "1973"]
[PlyCount "71"]
[EventDate "2007.02.02"]
[EventType "tourn"]
[EventRounds "11"]
[EventCountry "RUS"]
[SourceTitle "EXT 2022"]
[Source "ChessBase"]
[SourceDate "2021.10.06"]
[SourceVersion "1"]
[SourceVersionDate "2021.10.06"]
[SourceQuality "1"]

1. e4 e6 2. d4 d5 3. Nd2 c5 4. c3 Nc6 5. Ngf3 cxd4 6. cxd4 Bb4 7. e5 Nge7 8. a3 Ba5 9. b4 Bb6 10. Nb3 a5 11. b5 a4 12. bxc6 axb3 13. cxb7 Bxb7 14. Qxb3 0-0 15. Bd3 Ba5+ 16. Bd2 Rb8 17. Qd1 Nc6 18. 0-0 Bxd2 19. Qxd2 Na5 20. Qg5 f5 21. exf6 Rxf6 22. Qg4 Bc8 23. Ne5 Rb2 24. Rab1 Rxb1 25. Rxb1 Nb7 26. Qh4 g6 27. Ba6 Nd6 28. Bxc8 Nxc8 29. Ng4 Rf8 30. Nh6+ Kg7 31. Rb7+ Ne7 32. Rxe7+ Kh8 33. Ng4 h5 34. Qg5 hxg4 35. Qh6+ Kg8 36. Qh7# 1-0

[Event "Samara-ch Rating"]
[Site "Samara"]
[Date "2007.02.27"]
[Round "7"]
[White "Galkin, Roman"]
[Black "Voznesensky, Vladimir"]
[Result "1/2-1/2"]
[WhiteElo "1910"]
[BlackElo "1973"]
[PlyCount "74"]
[EventDate "2007.02.02"]
[EventType "tourn"]
[EventRounds "11"]
[EventCountry "RUS"]
[SourceTitle "EXT 2022"]
[Source "ChessBase"]
[SourceDate "2021.10.06"]
[SourceVersion "1"]
[SourceVersionDate "2021.10.06"]
[SourceQuality "1"]

1. e4 e6 2. d4 d5 3. Nc3 Nf6 4. e5 Nfd7 5. f4 c5 6. Nf3 Nc6 7. Be3 a6 8. Qd2 b5 9. dxc5 Bxc5 10. Bxc5 Nxc5 11. Bd3 b4 12. Ne2 Qb6 13. Ng3 g6 14. h4 h5 15. c4 bxc3 16. bxc3 Nxd3+ 17. Qxd3 Qb5 18. Qxb5 axb5 19. a3 Na5 20. Nd2 Bd7 21. Ke2 Ke7 22. Rhc1 Rhc8 23. Ke3 Nc4+ 24. Nxc4 Rxc4 25. Ne2 Rca4 26. Nd4 Rxa3 27. Rab1 Rc8 28. Kd3 Rc4 29. Kd2 Kd8 30. Rc2 Kc7 31. Rxb5 Ra1 32. Rb4 Ba4 33. Rxc4+ dxc4 34. Rb2 Rg1 35. Ke3 Rc1 36. Kd2 Rg1 37. Ke3 Rc1 1/2-1/2

[Event "Samara-ch Rating"]
[Site "Samara"]
[Date "2007.02.02"]
[Round "1"]
[White "Voznesensky, Vladimir"]
[Black "Krylov, Leonid"]
[Result "1-0"]
[WhiteElo "1973"]
[BlackElo "1915"]
[PlyCount "65"]
[EventDate "2007.02.02"]
[EventType "tourn"]
[EventRounds "11"]
[EventCountry "RUS"]
[SourceTitle "EXT 2022"]
[Source "ChessBase"]
[SourceDate "2021.10.06"]
[SourceVersion "1"]
[SourceVersionDate "2021.10.06"]
[SourceQuality "1"]

1. d4 Nf6 2. c4 c5 3. Nf3 g6 4. b4 cxd4 5. Nxd4 Bg7 6. Bb2 0-0 7. e3 d6 8. Be2 Nc6 9. a3 a6 10. h4 h5 11. Nd2 Qc7 12. Nf1 Bg4 13. f3 Bd7 14. g4 Nxd4 15. exd4 e5 16. Ng3 exd4 17. gxh5 d5 18. Kf2 d3 19. Bxd3 Ng4+ 20. fxg4 Bxb2 21. Rb1 Bd4+ 22. Kg2 dxc4 23. Be4 Be5 24. Nf1 Rad8 25. Qe2 Bc6 26. Re1 b5 27. Qf3 Rd3 28. Re3 f5 29. Bxc6 fxg4 30. Bd5+ Rxd5 31. Qxd5+ Rf7 32. hxg6 Qb7 33. gxf7+ 1-0